000 00370nam a2200133Ia 4500
008 220217s9999||||xx |||||||||||||| ||und||
020 _a9788131708859
082 _a004.65 JOS
100 _aJoseph, Joshy and Fellenstein
245 0 _aGrid computing
260 _aPearson education of asia
_bNew Delhi
_c2011
300 _a400p.
_b375
650 _aCOMPUTER SCIENCE
999 _c183622
_d183622